[Event "Montevideo Noches de Misterio op"]
[Site "Montevideo"]
[Date "2018.04.18"]
[Round "1"]
[White "Moratorio, Alberto"]
[Black "Chaves, Sebastian"]
[Result "1-0"]
[WhiteElo "1684"]
[BlackElo "1458"]
[PlyCount "35"]
[EventDate "2018.04.18"]
[EventType "swiss"]
[EventRounds "6"]
[EventCountry "URU"]
[SourceTitle "CBM 184 Extra"]
[Source "ChessBase"]
[SourceDate "2018.06.28"]
[SourceVersion "1"]
[SourceVersionDate "2018.06.28"]
[SourceQuality "1"]

1. d4 c6 2. Bf4 g6 3. e3 Qb6 4. Qc1 d6 5. h3 Bg7 6. Nf3 Nf6 7. Be2 Nd5 8. Bh2 Nd7 9. 0-0 N7f6 10. c4 Bxh3 11. cxd5 Nxd5 12. gxh3 0-0 13. Nc3 c5 14. Nxd5 Qa5 15. Nxe7+ Kh8 16. Bxd6 Rfe8 17. Ne5 b5 18. Nxf7# 1-0